Una Sustancia llamada comida (Record no. 9581)

MARC details
000 -LEADER
campo de control de longitud fija 01110nam a2200301 i 4500
001 - NÚMERO DE CONTROL
campo de control 9581
003 - IDENTIFICADOR DE NÚMERO DE CONTROL
campo de control ES-MaACL
005 - FECHA Y HORA DE LA ÚLTIMA TRANSACCIÓN
campo de control 20230906145719.0
007 - CAMPO FIJO DE DESCRIPCIÓN FÍSICA--INFORMACIÓN GENERAL
campo de control de longitud fija t|
008 - DATOS DE LONGITUD FIJA--INFORMACIÓN GENERAL
campo de control de longitud fija 931105s1991 sp ||||1| spa d
020 ## - NÚMERO INTERNACIONAL ESTÁNDAR DEL LIBRO
Número Internacional Estándar del Libro 84-7615-668-5
080 ## - NÚMERO DE LA CLASIFICACIÓN DECIMAL UNIVERSAL
Número de la Clasificación Decimal Universal 616.89-008.441.42
080 ## - NÚMERO DE LA CLASIFICACIÓN DECIMAL UNIVERSAL
Número de la Clasificación Decimal Universal 616.89-008.441.12
100 1# - ENTRADA PRINCIPAL--NOMBRE DE PERSONA
Nombre de persona Arenson, Gloria.
9 (RLIN) 22624
245 14 - MENCIÓN DEL TÍTULO
Título Una Sustancia llamada comida
Resto del título : cómo entender, controlar y superar la adicción a la comida /
Mención de responsabilidad, etc. Gloria Arenson ; traducción, F. Xavier Gisbert da Cruz, Virginia Virnesa [i.e. Vinuesa] Benítez ; revisión técnica, José María Cobo.
260 ## - PUBLICACIÓN, DISTRIBUCIÓN, ETC.
Lugar de publicación, distribución, etc. Madrid [etc.] :
Nombre del editor, distribuidor, etc. McGraw-Hill,
Fecha de publicación, distribución, etc. D.L. 1991.
300 ## - DESCRIPCIÓN FÍSICA
Extensión 211 p. ;
Dimensiones 21 cm.
490 1# - MENCIÓN DE SERIE
Mención de serie Serie McGraw-Hill de divulgación científica
500 ## - NOTA GENERAL
Nota general Indice.
650 14 - PUNTO DE ACCESO ADICIONAL DE MATERIA--TÉRMINO DE MATERIA
Término de materia o nombre geográfico como elemento de entrada Anorexia.
9 (RLIN) 9844
650 14 - PUNTO DE ACCESO ADICIONAL DE MATERIA--TÉRMINO DE MATERIA
Término de materia o nombre geográfico como elemento de entrada Bulimia.
9 (RLIN) 10643
700 1# - ENTRADA AGREGADA--NOMBRE PERSONAL
Nombre de persona Gisbert da Cruz, F. Xavier.
9 (RLIN) 57333
700 1# - ENTRADA AGREGADA--NOMBRE PERSONAL
Nombre de persona Vinuesa Benítez, Virginia.
9 (RLIN) 115346
700 1# - ENTRADA AGREGADA--NOMBRE PERSONAL
Nombre de persona Cobo, José María.
9 (RLIN) 39350
830 0# - PUNTO DE ACCESO ADICIONAL DE SERIE-TÍTULO UNIFORME
Título uniforme Serie McGraw-Hill de divulgación científica
9 (RLIN) 178515
852 ## - LOCALIZACIÓN
Ubicación ES-MaACL
Número de control de estantería L-17024
Sublocalización o colección R.122031
Holdings
Estatus retirado Estado de pérdida Estado de daño No para préstamo Biblioteca de origen Biblioteca actual Ubicación en estantería Fecha de adquisición Fuente de adquisición Total de préstamos Signatura topográfica completa Código de barras Visto por última vez Precio de reemplazo Tipo de ítem Koha
        Biblioteca del Ateneo de Madrid Biblioteca del Ateneo de Madrid Depósito 2 17/01/2008     L-17024 1009777 23/02/2023 23/02/2023 Libro impreso